| 000 | 01317nam a2200349 a 4500 | ||
|---|---|---|---|
| 001 | ebr10660582 | ||
| 003 | CaPaEBR | ||
| 006 | m o u | ||
| 007 | cr cn||||||||| | ||
| 008 | 110719s2011 enkad sb 001 0 eng d | ||
| 010 | _z 2011026541 | ||
| 020 | _z1848213123 | ||
| 020 | _z9781848213128 | ||
| 020 | _z9781118602836 (e-book) | ||
| 040 |
_aCaPaEBR _cCaPaEBR |
||
| 035 | _a(OCoLC)842860158 | ||
| 050 | 1 | 4 |
_aTK5105.5 _b.B656 2011eb |
| 082 | 0 | 4 |
_a621.382 _223 |
| 100 | 1 | _aBonald, Thomas. | |
| 245 | 1 | 0 |
_aNetwork performance analysis _h[electronic resource] / _cThomas Bonald, Mathieu Feuillet. |
| 260 |
_aLondon : _bISTE ; _aHoboken, N.J. : _bJohn Wiley, _c2011. |
||
| 300 |
_axii, 253 p. : _bill. |
||
| 504 | _aIncludes bibliographical references and index. | ||
| 533 |
_aElectronic reproduction. _bPalo Alto, Calif. : _cebrary, _d2015. _nAvailable via World Wide Web. _nAccess may be limited to ebrary affiliated libraries. |
||
| 650 | 0 |
_aComputer networks _xEvaluation. |
|
| 650 | 0 | _aNetwork performance (Telecommunication) | |
| 650 | 0 | _aQueuing theory. | |
| 655 | 7 |
_aElectronic books. _2local |
|
| 700 | 1 | _aFeuillet, Mathieu. | |
| 710 | 2 | _aebrary, Inc. | |
| 856 | 4 | 0 |
_uhttp://site.ebrary.com/lib/rucke/Doc?id=10660582 _zAn electronic book accessible through the World Wide Web; click to view |
| 999 |
_c170835 _d170835 |
||